000 01230nam0a22003011 4500
001 rc\594523
005 20250621175433.0
035 _a(NLR Aleph) 005839344
090 _a5662276
_c5662276
100 _a20031121d1986 |||y0rusy50 ca
101 0 _arus
102 _aRU
105 _aa |||||||||
200 1 _aАнтология педагогической мысли Белорусской ССР
_fАПН СССР
_g[Сост. Э.К. Дорошевич и др.]
_gРедкол.: М.А. Лазарук (отв. ред.) и др.
_g[Предисл. К. Крапивы]
210 _aМ.
_cПедагогика
_d1986
215 _a460, [2] с.
_cил.
_d22
225 1 _aАнтология педагогической мысли народов СССР
320 _aБиблиогр.: с. 438-454
320 _aБиблиогр. в примеч.: с. 402-437
320 _aУказ. имен: с. 455-458
702 1 _aДорошевич
_bЭ.К.
_gЭнгельс Константинович
_4220
702 1 _aЛазарук
_bМ.А.
_gМихаил Арсеньевич
_4340
712 0 2 _aАПН СССР
801 0 _aRU
_bNLR
_gpsbo
801 1 _aRU
_bELAR
_2rusmarc
852 _aNLR
_j87-5/159
942 _cBOOK
980 _aNB